[Event "Rio de Janeiro Duchamp op 4th"]
[Site "Rio de Janeiro"]
[Date "2022.12.14"]
[Round "9"]
[White "Carneiro, Luis Guilherme Rosa"]
[Black "Campagnolo, Bruna"]
[Result "1/2-1/2"]
[WhiteElo "1815"]
[BlackElo "1535"]
[PlyCount "72"]
[EventDate "2022.12.07"]
[EventType "swiss"]
[EventRounds "9"]
[EventCountry "BRA"]
[SourceTitle "EXT 2024"]
[Source "ChessBase"]
[SourceDate "2023.10.10"]
[SourceVersion "1"]
[SourceVersionDate "2023.10.10"]
[SourceQuality "1"]

1. e4 c5 2. Nf3 a6 3. c4 d6 4. Nc3 e5 5. d3 Nc6 6. Be2 Be7 7. 0-0 Nf6 8. Ne1 Nd4 9. f4 exf4 10. Bxf4 0-0 11. h3 b5 12. b3 b4 13. Nb1 a5 14. a4 Ne8 15. Nd2 Nc7 16. Nef3 Nce6 17. Be3 Bf6 18. Rb1 Qb6 19. Nxd4 Bxd4 20. Bxd4 Nxd4 21. Bg4 Be6 22. Rf4 Qc7 23. Qf1 Qd7 24. Bd1 f5 25. Qe1 fxe4 26. Rxe4 Bf5 27. Bg4 Bxg4 28. Rxg4 Rae8 29. Re4 Rxe4 30. Qxe4 Re8 31. Qd5+ Qe6 32. Re1 Qxd5 33. Rxe8+ Kf7 34. Rf8+ Kxf8 35. cxd5 Ke7 36. Nc4 Nxb3 1/2-1/2

[Event "Niteroi op 2nd"]
[Site "Niteroi"]
[Date "2022.09.02"]
[Round "3"]
[White "Freitas, Andre Henrique Lem"]
[Black "Carneiro, Luis Guilherme Rosa"]
[Result "0-1"]
[WhiteElo "2184"]
[BlackElo "1789"]
[PlyCount "138"]
[EventDate "2022.09.01"]
[EventType "swiss"]
[EventRounds "9"]
[EventCountry "BRA"]
[SourceTitle "CBM 210 Extra"]
[Source "ChessBase"]
[SourceDate "2022.11.30"]
[SourceVersion "1"]
[SourceVersionDate "2022.11.30"]
[SourceQuality "1"]

1. Nf3 Nf6 2. d4 e6 3. c4 Bb4+ 4. Bd2 Bxd2+ 5. Nbxd2 d5 6. g3 0-0 7. Bg2 Nbd7 8. 0-0 c5 9. cxd5 Nxd5 10. e4 N5f6 11. e5 Nd5 12. Ne4 Qb6 13. dxc5 Nxc5 14. Qd4 Nxe4 15. Qxe4 Qxb2 16. Ng5 f5 17. exf6 Nxf6 18. Qc4 Qe5 19. f4 Qe3+ 20. Kh1 Ng4 21. Qc2 Nf6 22. Rfe1 Qb6 23. Rab1 Qd6 24. Rbd1 Qb6 25. Rb1 Qd6 26. Re5 h6 27. Ne4 Nxe4 28. Bxe4 Rb8 29. Rd1 Qb6 30. Qd3 Qc7 31. Qf3 b6 32. Qg4 Bd7 33. Qg6 Rf6 34. Qg4 Bc6 35. Qe2 Bxe4+ 36. Qxe4 Qb7 37. Rd8+ Kf7 38. Rxb8 Qxb8 39. Qc4 Qb7+ 40. Kg1 Qd7 41. Re2 Rf5 42. g4 Rc5 43. Qe4 Qd5 44. Qe3 Ra5 45. f5 Qc5 46. fxe6+ Ke7 47. Qxc5+ Rxc5 48. Kf2 Rc6 49. Kf3 Rxe6 50. Rc2 a5 51. Rc7+ Kf6 52. Rb7 g6 53. h4 Ke5 54. a4 Kd5 55. g5 hxg5 56. hxg5 Kc6 57. Rh7 Rd6 58. Rh4 Kc5 59. Ke3 b5 60. axb5 Kxb5 61. Ke4 a4 62. Ke5 Rc6 63. Rh1 a3 64. Rb1+ Ka4 65. Kd5 a2 66. Ra1 Rc2 67. Re1 Ka3 68. Ke6 Rf2 69. Re3+ Kb2 0-1

[Event "Niteroi op 2nd"]
[Site "Niteroi"]
[Date "2022.09.01"]
[Round "1"]
[White "Barbosa, Evandro Amorim"]
[Black "Carneiro, Luis Guilherme Rosa"]
[Result "1-0"]
[WhiteElo "2481"]
[BlackElo "1789"]
[PlyCount "59"]
[EventDate "2022.09.01"]
[EventType "swiss"]
[EventRounds "9"]
[EventCountry "BRA"]
[SourceTitle "CBM 210 Extra"]
[Source "ChessBase"]
[SourceDate "2022.11.30"]
[SourceVersion "1"]
[SourceVersionDate "2022.11.30"]
[SourceQuality "1"]

1. e4 c5 2. Nf3 g6 3. d4 cxd4 4. Nxd4 Nc6 5. Nc3 Bg7 6. Nb3 Nf6 7. Be2 0-0 8. 0-0 d6 9. Re1 Bd7 10. Bf1 Ne5 11. Nd5 Nxd5 12. exd5 Rc8 13. c3 Bf5 14. Bg5 Re8 15. Nd4 Bd7 16. Qb3 Rc7 17. h3 a6 18. f4 f6 19. Bh4 Nf7 20. Bf2 Qc8 21. Ne6 Bxe6 22. dxe6 Nd8 23. Bb6 Rc6 24. f5 gxf5 25. Bd3 d5 26. Bxf5 Kh8 27. Bd4 Rd6 28. Qd1 Nc6 29. Qh5 h6 30. Be3 1-0